Inovácie ako jeden z faktorov rozvoja podniku bakalárska práca

Enregistré dans:
Détails bibliographiques
Auteur principal: Sojková, Mária
Collectivité auteur: Fakulta podnikového manažmentu EU. Katedra manažmentu
Autres auteurs: Barátová, Veronika
Format: Livre
Langue:slovaque
Publié: Bratislava 2012
Tags: Ajouter un tag
Pas de tags, Soyez le premier à ajouter un tag!

MARC

LEADER 00000nbm a2200000 4500
001 0154101
005 20161109111821.0
041 0 |a slo 
044 |a SK 
245 1 0 |a Inovácie ako jeden z faktorov rozvoja podniku  |b bakalárska práca  |c Mária Sojková ; školiteľ: Veronika Barátová 
264 1 |a Bratislava  |c 2012 
300 |a 51 s. 
100 1 |a Sojková, Mária 
700 1 |a Barátová, Veronika 
710 2 |a Fakulta podnikového manažmentu EU. Katedra manažmentu